Khảo sát hoạt tính kháng oxy hóa và bảo vệ gan của cao chiết thân cây Mớp gai (Lasia spinosa (L.) Thwaite) tại tỉnh An Giang : Luận văn tốt nghiệp Cao học. Chuyên ngành Sinh thái học
Khảo sát được khả năng kháng oxy hóa của cao chiết thân cây Mớp gai ở mức độ in vitro; Khảo sát khả năng bảo vệ gan in vivo của cao chiết thân cây Mớp gai trên mô hình chuột nhắt trắng bị tổn thương gan bởi CCl4....
Tallennettuna:
| Päätekijä: | |
|---|---|
| Aineistotyyppi: | Kirja |
| Kieli: | Undetermined |
| Julkaistu: |
Cần Thơ
Trường Đại học Cần Thơ
2019
|
| Aiheet: | |
| Tagit: |
Lisää tagi
Ei tageja, Lisää ensimmäinen tagi!
|
| Thư viện lưu trữ: | Trung tâm Học liệu Trường Đại học Cần Thơ |
|---|
| LEADER | 01200nam a2200217Ia 4500 | ||
|---|---|---|---|
| 001 | CTU_232153 | ||
| 008 | 210402s9999 xx 000 0 und d | ||
| 082 | |a 615.321 | ||
| 082 | |b V300 | ||
| 088 | |a 8420120 | ||
| 100 | |a Huỳnh, Ngọc Thảo Vi | ||
| 245 | 0 | |a Khảo sát hoạt tính kháng oxy hóa và bảo vệ gan của cao chiết thân cây Mớp gai (Lasia spinosa (L.) Thwaite) tại tỉnh An Giang : | |
| 245 | 0 | |b Luận văn tốt nghiệp Cao học. Chuyên ngành Sinh thái học | |
| 245 | 0 | |c Huỳnh Ngọc Thảo Vi ; Đái Thị Xuân Trang (Cán bộ hướng dẫn) | |
| 260 | |a Cần Thơ | ||
| 260 | |b Trường Đại học Cần Thơ | ||
| 260 | |c 2019 | ||
| 520 | |a Khảo sát được khả năng kháng oxy hóa của cao chiết thân cây Mớp gai ở mức độ in vitro; Khảo sát khả năng bảo vệ gan in vivo của cao chiết thân cây Mớp gai trên mô hình chuột nhắt trắng bị tổn thương gan bởi CCl4. | ||
| 650 | |a Medicinal plants,Cây dược liệu | ||
| 910 | |b nthai | ||
| 980 | |a Trung tâm Học liệu Trường Đại học Cần Thơ | ||